|
|
|
|
| LEADER |
000000sb a2200000 a 4500 |
| 005 |
20230308203659.0 |
| 008 |
000072| ||||||||r|||||||||||spa|| |
| 022 |
|
|
|a 0214-0985
|
| 040 |
|
|
|b spa
|
| 041 |
0 |
|
|a Es
|
| 082 |
0 |
|
|a 617.605
|b 29806-5
|
| 100 |
1 |
|
|a Wirz, JakobHernann, Joachim S.Rateitschak-Pluss, Edith M.
|9 278249
|
| 245 |
|
|
|a Causas de intolerancia a las prótesis. Presentación de un caso
|c Jakob Wirz, Joachim S. Hermann, Edith M. Rateischak-Pluss
|h imp
|
| 264 |
|
|
|a Barcelona
|b Ediciones Doyma
|c 2000
|
| 300 |
|
|
|a páginas: 302-309
|
| 300 |
|
|
|b ilus.
|
| 310 |
|
|
|a mensual
|
| 362 |
|
|
|a XIII; 5
|
| 520 |
3 |
|
|a El odontólogo se encuentra frecuentemente en su consulta con pacientes que no toleran las prótesis. (estomatopatías protésicas) Las causas de esta afección son atribuidas, no pocas veces, a una reacción alérgica, y los pacientes afectados son remitidos precipitadamente al dermatólogo.
|
| 650 |
1 |
|
|a Materiales dentales
|9 89345
|
| 650 |
1 |
|
|a Estomatopatias protesicas
|9 278250
|
| 650 |
1 |
|
|a Iones metalicos toxicos
|9 278251
|
| 710 |
|
|
|a Quintessenz Verlags-GmbH
|
| 773 |
0 |
|
|0 29806
|9 29806
|a Wirz, JakobHernann, Joachim S.Rateitschak-Pluss, Edith M. Quintessenz Verlags-GmbH
|d Barcelona Ediciones Doyma 2000
|o 29806
|w 29806
|x 0214-0985
|t Quintesscence: Publicación Internacional de Odontología
|6 29806
|
| 852 |
|
|
|a UC-SALUD
|c HEMEROTECA
|f Compra
|k luis.contrerase
|l 1
|m General
|p 20000721
|q $ 159
|b 0
|d CDRS
|e CDRS
|g 617.605 29806-5 HEMEROTECA
|z 2000-00-72
|
| 942 |
|
|
|c SERA
|
| 999 |
|
|
|c 106703
|d 106703
|